000 00487nam a22001695i 4500
001 68664
003 ES-MaACL
005 20230906170330.0
007 t|
008 960814s1868 fr ||||1| fre d
040 _aCAM
_bspa
_cCAM
100 1 _aGebhart, Emile.
_956188
245 1 0 _aEssai sur la peinture de genre dans l'antiquité /
_cpar Emile Gebhart.
260 _aParis :
_bImprimerie Impériale,
_c1868.
300 _a[4], 62, [1] p. ;
_c26 cm.
852 _aES-MaACL
_jT-1175-F-5
999 _c68664
_d68664